| 000 | 00416nam a2200145Ia 4500 | ||
|---|---|---|---|
| 008 | 210430s9999 xx 000 0 und d | ||
| 020 | _a9780073305370 | ||
| 082 | _a621.4021 C 39 T | ||
| 100 |
_aYunus A.Cengel, Michael A. Boles _954221 |
||
| 245 |
_aThermodynamics An Engineering Approach / _cYunus A.Cengel |
||
| 250 | _a6th edition | ||
| 260 |
_aBoston _bGraw Hill _c2006 |
||
| 300 | _a1018 p | ||
| 942 |
_cBK _2ddc |
||
| 999 |
_c564742 _d564742 |
||